000 00289nam a2200121Ia 4500
008 241002s9999 xx 000 0 und d
082 _a370.19 RUS
100 _aRussell, Bertrand
245 0 _aEducation Social Order
260 _aLondon:
_c1951
600 _aSocial Sciences
942 _cUC
999 _c18403
_d18403